[Event "47th Rilton Cup 2017"]
[Site "?"]
[Date "2018.01.01"]
[Round "5"]
[White "Henderson de la Fuente, Lance"]
[Black "Sasikiran, Krishnan"]
[Result "1/2-1/2"]
[WhiteElo "2419"]
[BlackElo "2680"]
[PlyCount "127"]
[EventDate "2018.??.??"]
[EventType "swiss"]
[EventCountry "SWE"]
[SourceTitle "Stockholm"]
[TimeControl "40/5400+30:1800+30"]
[WhiteClock "0:03:33"]
[BlackClock "0:01:57"]

1. e4 {[%emt 0:00:00]} c6 {[%emt 0:00:00]} 2. d4 {[%emt 0:01:27]} d5 {[%emt 0:00:00]} 3. e5 {[%emt 0:00:12]} Bf5 {[%emt 0:00:10]} 4. Nd2 {[%emt 0:00:27]} e6 {[%emt 0:00:47]} 5. Nb3 {[%emt 0:00:09]} Nd7 {[%emt 0:01:58]} 6. Nf3 {[%emt 0:00:23]} Ne7 {[%emt 0:01:23]} 7. Be2 {[%emt 0:00:24]} h6 {[%emt 0:02:29]} 8. O-O {[%emt 0:00:47]} g5 {[%emt 0:01:06]} 9. Ne1 {[%emt 0:00:35]} Qc7 {[%emt 0:03:35]} 10. g3 {[%emt 0:06:24]} c5 {[%emt 0:13:49]} 11. c3 {[%emt 0:01:06]} Bg6 {[%emt 0:04:22]} 12. Bh5 {[%emt 0:18:10]} O-O-O {[%emt 0:05:59]} 13. Ng2 {[%emt 0:05:35]} c4 {[%emt 0:09:35]} 14. Nd2 {[%emt 0:00:57]} f6 {[%emt 0:02:05]} 15. f4 {[%emt 0:03:00]} Bf5 {[%emt 0:05:34]} 16. Nf3 {[%emt 0:17:42]} Bg7 {[%emt 0:08:36]} 17. b3 {[%emt 0:03:26]} Kb8 {[%emt 0:07:57]} 18. Ba3 {[%emt 0:00:57]} Nc8 {[%emt 0:01:55]} 19. Rf2 {[%emt 0:08:00]} gxf4 {[%emt 0:03:53]} 20. gxf4 {[%emt 0:04:32]} Bf8 {[%emt 0:00:53]} 21. Bxf8 {[%emt 0:01:11]} Rdxf8 {[%emt 0:02:04]} 22. Nfh4 {[%emt 0:01:16]} Bh7 {[%emt 0:03:16]} 23. Bg6 {[%emt 0:05:44]} fxe5 {[%emt 0:03:14]} 24. fxe5 {[%emt 0:04:01]} Rxf2 {[%emt 0:00:54]} 25. Kxf2 {[%emt 0:00:10]} cxb3 {[%emt 0:00:33]} 26. Qxb3 {[%emt 0:00:22]} Ndb6 {[%emt 0:02:15]} 27. Qc2 {[%emt 0:02:00]} Nc4 {[%emt 0:00:54]} 28. Kg1 {[%emt 0:01:28]} Bxg6 {[%emt 0:01:41]} 29. Qxg6 {[%emt 0:00:59]} Nd2 {[%emt 0:00:49]} 30. Rc1 {[%emt 0:01:53]} Rf8 {[%emt 0:03:10]} 31. h3 {[%emt 0:02:59]} Qf7 {[%emt 0:05:13]} 32. Qxf7 {[%emt 0:00:24]} Rxf7 {[%emt 0:00:03]} 33. Ng6 {[%emt 0:02:05]} Kc7 {[%emt 0:01:00]} 34. N2f4 {[%emt 0:01:00]} Kd7 {[%emt 0:00:39]} 35. Nh5 {[%emt 0:00:15]} Ne4 {[%emt 0:01:18]} 36. c4 {[%emt 0:02:41]} dxc4 {[%emt 0:00:25]} 37. Rxc4 {[%emt 0:00:14]} Nb6 {[%emt 0:00:52]} 38. Rc1 {[%emt 0:01:03]} Rf5 {[%emt 0:01:05]} 39. Nhf4 {[%emt 0:00:55]} Nd5 {[%emt 0:00:57]} 40. Nxd5 {[%emt 0:01:28]} exd5 {[%emt 0:00:43]} 41. h4 {[%emt 0:32:00]} Rf3 {[%emt 0:06:27]} 42. h5 {[%emt 0:00:00]} Rf5 {[%emt 0:01:53]} 43. Rc2 {[%emt 0:00:00]} b6 {[%emt 0:04:43]} 44. a4 {[%emt 0:00:00]} Ng5 {[%emt 0:02:04]} 45. Kg2 {[%emt 0:00:00]} Ne6 {[%emt 0:02:34]} 46. Rf2 {[%emt 0:01:54]} Rxf2+ {[%emt 0:06:11]} 47. Kxf2 {[%emt 0:00:02]} Nxd4 {[%emt 0:00:06]} 48. Nf4 {[%emt 0:00:14]} Kc6 {[%emt 0:01:43]} 49. Ke3 {[%emt 0:00:41]} Nf5+ {[%emt 0:01:23]} 50. Kd3 {[%emt 0:00:22]} a6 {[%emt 0:03:00]} 51. Kc3 {[%emt 0:00:43]} b5 {[%emt 0:01:14]} 52. axb5+ {[%emt 0:00:05]} axb5 {[%emt 0:00:04]} 53. Kb4 {[%emt 0:03:11]} d4 {[%emt 0:02:37]} 54. e6 {[%emt 0:00:19]} Ne7 {[%emt 0:00:48]} 55. Nd3 {[%emt 0:00:35]} Kd6 {[%emt 0:02:23]} 56. Kxb5 {[%emt 0:00:14]} Kxe6 {[%emt 0:00:11]} 57. Kc4 {[%emt 0:00:28]} Nf5 {[%emt 0:00:48]} 58. Kc5 {[%emt 0:00:07]} Kf6 {[%emt 0:00:11]} 59. Kd5 {[%emt 0:00:20]} Kg5 {[%emt 0:00:23]} 60. Ke4 {[%emt 0:01:03]} Kg4 {[%emt 0:01:17]} 61. Ne5+ {[%emt 0:00:10]} Kg5 {[%emt 0:00:19]} 62. Nf3+ {[%emt 0:00:49]} Kg4 {[%emt 0:00:10]} 63. Ne5+ {[%emt 0:00:10]} Kg5 {[%emt 0:00:17]} 64. Nf3+ {[%emt 0:00:15]} 1/2-1/2

[Event "47th Rilton Cup 2017"]
[Site "?"]
[Date "2018.01.01"]
[Round "5"]
[White "Sammalvuo, Tapani"]
[Black "Alekseenko, Kirill"]
[Result "1/2-1/2"]
[WhiteElo "2416"]
[BlackElo "2590"]
[Annotator "TA"]
[PlyCount "67"]
[EventDate "2018.??.??"]
[EventType "swiss"]
[EventCountry "SWE"]
[SourceTitle "Stockholm"]

{[%evp 21,67,14,29,22,45,44,43,24,40,20,27,22,41,0,0,0,0,0,13,9,13,12,8,0,0,0,0,0,0,0,0,0,13,0,0,0,0,0,0,0,0,0,0,0,8,0,48,48]} 1. d4 d5 2. c4 dxc4 3. Nf3 a6 4. e3 Bg4 5. Bxc4 e6 6. h3 Bh5 7. Nc3 Nc6 8. Be2 {[%cal Bc4e2,Be2f3,Bf3e4][%mdl 32]} Nf6 9. O-O Bd6 10. b3 O-O 11. Bb2 Qe8 12. Nd2 {D22: Queen's Gambit Accepted: 3 Nf3 a6 4 e3} (12. Rc1 Rd8 13. Nd2 Bg6 14. Nc4 Nb4 15. Nxd6 cxd6 16. Ba3 Nbd5 17. Bf3 Nxc3 18. Rxc3 Be4 19. Rc7 Qb5 20. Bxe4 Nxe4 {1-0 (61) Dreev,A (2652)-Huschenbeth,N (2596) Bastia 2017}) 12... Bg6 13. Bf3 $146 ({Predecessor:} 13. Nc4 Be7 14. Bf3 Rd8 15. Qe2 b5 16. Bxc6 Qxc6 17. Ne5 Qb7 18. Qf3 Nd5 19. Rfc1 Bd6 20. Nxg6 hxg6 {1-0 (67) Cramling,P (2528)-Semcesen,D (2387) Kungsor 2009}) 13... e5 14. Nde4 Nxe4 15. Nxe4 Bxe4 16. Bxe4 exd4 $1 17. Qc2 Qe5 {[%csl Gd6][%cal Re5h2] [#]} 18. g3 ({Much worse is} 18. Bxh7+ Kh8 $17) 18... Qh5 19. Bxd4 Qxh3 20. Bxc6 bxc6 21. Qxc6 Rae8 22. Rac1 Re6 23. Qg2 Qf5 24. Rfd1 Rfe8 25. Bc5 Bxc5 26. Rd5 Re5 27. Rcxc5 {[#] aiming for Rxe5.} Qb1+ 28. Qf1 Rxd5 29. Rxd5 Qxa2 $11 {KQR-KQR} 30. Qc4 Qb1+ 31. Kg2 Qg6 32. Rc5 h5 33. Rxc7 Re6 34. Rc5 {Precision: White = 63%, Black = 69%.} 1/2-1/2

[Event "47th Rilton Cup 2017"]
[Site "?"]
[Date "2018.01.01"]
[Round "5"]
[White "Eggleston, David"]
[Black "Kotronias, Vasilios"]
[Result "1/2-1/2"]
[WhiteElo "2389"]
[BlackElo "2524"]
[PlyCount "213"]
[EventDate "2018.??.??"]
[EventType "swiss"]
[EventCountry "SWE"]
[SourceTitle "Stockholm"]
[TimeControl "40/5400+30:1800+30"]
[WhiteClock "0:14:00"]
[BlackClock "0:12:42"]

1. e4 {[%emt 0:02:36]} c5 {[%emt 0:01:35]} 2. Nf3 {[%emt 0:00:11]} e6 {[%emt 0:00:19]} 3. d4 {[%emt 0:00:14]} cxd4 {[%emt 0:00:07]} 4. Nxd4 {[%emt 0:00:07]} Nc6 {[%emt 0:00:05]} 5. Nc3 {[%emt 0:00:14]} Qc7 {[%emt 0:00:07]} 6. Be3 {[%emt 0:00:35]} a6 {[%emt 0:00:07]} 7. Qd2 {[%emt 0:00:28]} Nf6 {[%emt 0:00:11]} 8. O-O-O {[%emt 0:00:11]} Be7 {[%emt 0:00:08]} 9. f3 {[%emt 0:02:41]} b5 {[%emt 0:04:17]} 10. g4 {[%emt 0:00:50]} O-O {[%emt 0:00:24]} 11. g5 {[%emt 0:10:33]} Nh5 {[%emt 0:00:07]} 12. Kb1 {[%emt 0:07:20]} Nxd4 {[%emt 0:12:22]} 13. Qxd4 {[%emt 0:04:16]} Rd8 {[%emt 0:00:13]} 14. Ne2 {[%emt 0:09:25]} Bb7 {[%emt 0:05:42]} 15. Bh3 {[%emt 0:05:36]} Rac8 {[%emt 0:00:45]} 16. Rc1 {[%emt 0:00:17]} d5 {[%emt 0:09:12]} 17. e5 {[%emt 0:00:40]} Qc4 {[%emt 0:00:39]} 18. Qxc4 {[%emt 0:06:50]} dxc4 {[%emt 0:01:38]} 19. Bg4 {[%emt 0:00:49]} g6 {[%emt 0:06:32]} 20. Rcd1 {[%emt 0:00:45]} Ng7 {[%emt 0:00:28]} 21. h4 {[%emt 0:03:06]} Nf5 {[%emt 0:05:31]} 22. Bb6 {[%emt 0:01:02]} Rxd1+ {[%emt 0:07:47]} 23. Rxd1 {[%emt 0:00:02]} Bc5 {[%emt 0:02:18]} 24. Bxc5 {[%emt 0:01:15]} Rxc5 {[%emt 0:00:05]} 25. Bxf5 {[%emt 0:06:25]} Rxe5 {[%emt 0:00:05]} 26. Be4 {[%emt 0:08:22]} Bxe4 {[%emt 0:00:03]} 27. fxe4 {[%emt 0:00:10]} Rxe4 {[%emt 0:00:03]} 28. h5 {[%emt 0:09:51]} gxh5 {[%emt 0:00:07]} 29. Ng3 {[%emt 0:00:18]} Rh4 {[%emt 0:00:19]} 30. a3 {[%emt 0:03:34]} Kg7 {[%emt 0:03:18]} 31. Rd6 {[%emt 0:11:54]} Kg6 {[%emt 0:01:28]} 32. Rxa6 {[%emt 0:01:53]} Rg4 {[%emt 0:00:13]} 33. Ne2 {[%emt 0:00:05]} h4 {[%emt 0:00:32]} 34. Rd6 {[%emt 0:00:04]} Re4 {[%emt 0:02:06]} 35. Nc3 {[%emt 0:01:40]} Re5 {[%emt 0:00:09]} 36. Rd1 {[%emt 0:02:34]} Rxg5 {[%emt 0:03:42]} 37. b4 {[%emt 0:00:17]} cxb3 {[%emt 0:05:55]} 38. cxb3 {[%emt 0:00:01]} h3 {[%emt 0:04:29]} 39. Rh1 {[%emt 0:00:27]} Rg3 {[%emt 0:00:34]} 40. Kc2 {[%emt 0:00:08]} Rg2+ {[%emt 0:12:04]} 41. Kd3 {[%emt 0:30:20]} h2 {[%emt 0:30:12]} 42. Nxb5 {[%emt 0:00:53]} Kg5 {[%emt 0:02:12]} 43. a4 {[%emt 0:00:00]} Kg4 {[%emt 0:00:00]} 44. Nd4 {[%emt 0:00:00]} e5 {[%emt 0:00:00]} 45. Nc6 {[%emt 0:00:00]} f6 {[%emt 0:00:00]} 46. b4 {[%emt 0:00:00]} Kf3 {[%emt 0:00:00]} 47. b5 {[%emt 0:00:00]} Ra2 {[%emt 0:00:00]} 48. b6 {[%emt 0:00:00]} Rb2 {[%emt 0:00:00]} 49. b7 {[%emt 0:02:36]} Rxb7 {[%emt 0:02:37]} 50. Rxh2 {[%emt 0:00:01]} Rc7 {[%emt 0:00:45]} 51. Rc2 {[%emt 0:00:24]} e4+ {[%emt 0:01:03]} 52. Kd2 {[%emt 0:01:39]} Rd7+ {[%emt 0:07:22]} 53. Ke1 {[%emt 0:00:02]} Rd3 {[%emt 0:01:19]} 54. Rc4 {[%emt 0:00:45]} Re3+ {[%emt 0:01:28]} 55. Kf1 {[%emt 0:00:21]} Rd3 {[%emt 0:03:25]} 56. Nd4+ {[%emt 0:00:19]} Ke3 {[%emt 0:00:56]} 57. Nc2+ {[%emt 0:01:30]} Kd2 {[%emt 0:00:02]} 58. Ne1 {[%emt 0:00:10]} Re3 {[%emt 0:00:43]} 59. Rd4+ Kc3 60. Rd5 {[%emt 0:01:14]} Kc4 {[%emt 0:00:47]} 61. Rf5 {[%emt 0:00:15]} Ra3 {[%emt 0:00:18]} 62. a5 {[%emt 0:00:16]} Ra2 {[%emt 0:00:27]} 63. Ng2 {[%emt 0:01:19]} Kb4 {[%emt 0:00:19]} 64. Rxf6 {[%emt 0:00:17]} Rxa5 {[%emt 0:00:05]} 65. Re6 {[%emt 0:00:13]} Kc4 {[%emt 0:00:21]} 66. Rxe4+ {[%emt 0:00:05]} Kd3 {[%emt 0:00:08]} 67. Re3+ {[%emt 0:00:04]} Kd4 {[%emt 0:00:03]} 68. Re7 {[%emt 0:00:04]} Rf5+ {[%emt 0:00:10]} 69. Kg1 {[%emt 0:00:05]} h5 {[%emt 0:00:08]} 70. Kh2 {[%emt 0:00:02]} Re5 {[%emt 0:00:08]} 71. Rh7 {[%emt 0:00:10]} Rf5 {[%emt 0:00:11]} 72. Kh3 {[%emt 0:00:09]} Ke5 {[%emt 0:00:09]} 73. Rh6 {[%emt 0:00:11]} Rf1 {[%emt 0:00:11]} 74. Rxh5+ {[%emt 0:00:07]} Kf6 {[%emt 0:00:06]} 75. Ra5 {[%emt 0:00:04]} Rd1 {[%emt 0:00:14]} 76. Kg4 {[%emt 0:00:07]} Rg1 {[%emt 0:00:05]} 77. Kf3 {[%emt 0:00:20]} Rf1+ {[%emt 0:00:08]} 78. Ke4 {[%emt 0:00:05]} Rb1 {[%emt 0:00:08]} 79. Nf4 {[%emt 0:00:10]} Re1+ {[%emt 0:00:06]} 80. Kd4 {[%emt 0:00:10]} Rd1+ {[%emt 0:00:06]} 81. Nd3 {[%emt 0:00:10]} Rd2 {[%emt 0:00:10]} 82. Ra1 {[%emt 0:00:13]} Rh2 {[%emt 0:00:23]} 83. Ke4 {[%emt 0:00:08]} Re2+ {[%emt 0:00:12]} 84. Kf4 {[%emt 0:00:06]} Rh2 {[%emt 0:00:22]} 85. Ra6+ {[%emt 0:00:21]} Ke7 {[%emt 0:00:05]} 86. Nc5 {[%emt 0:00:37]} Re2 {[%emt 0:00:15]} 87. Ra7+ {[%emt 0:00:10]} Kd6 {[%emt 0:00:16]} 88. Ne4+ {[%emt 0:00:05]} Kc6 {[%emt 0:00:04]} 89. Ke5 {[%emt 0:00:03]} Re1 {[%emt 0:00:26]} 90. Ra6+ {[%emt 0:01:00]} Kb5 {[%emt 0:00:12]} 91. Re6 {[%emt 0:00:04]} Kc4 {[%emt 0:00:17]} 92. Rc6+ {[%emt 0:00:04]} Kb4 {[%emt 0:00:15]} 93. Rc8 {[%emt 0:00:07]} Kb5 {[%emt 0:00:15]} 94. Rc2 {[%emt 0:00:43]} Kb6 {[%emt 0:00:11]} 95. Kd5 {[%emt 0:00:05]} Rh1 {[%emt 0:00:20]} 96. Rb2+ {[%emt 0:01:00]} Kc7 {[%emt 0:00:05]} 97. Rc2+ {[%emt 0:01:13]} Kb6 {[%emt 0:00:05]} 98. Rc6+ {[%emt 0:00:08]} Kb5 {[%emt 0:00:08]} 99. Nc3+ {[%emt 0:00:11]} Kb4 {[%emt 0:00:08]} 100. Kd4 {[%emt 0:00:06]} Rh4+ {[%emt 0:00:07]} 101. Ne4 {[%emt 0:00:03]} Kb5 {[%emt 0:00:45]} 102. Rg6 {[%emt 0:00:24]} Rf4 {[%emt 0:00:51]} 103. Rg8 {[%emt 0:00:41]} Rh4 {[%emt 0:00:09]} 104. Kd5 {[%emt 0:00:25]} Rh5+ {[%emt 0:00:13]} 105. Kd4 {[%emt 0:00:05]} Rh4 {[%emt 0:00:03]} 106. Re8 {[%emt 0:00:14]} Kc6 {[%emt 0:00:35]} 107. Ra8 {[%emt 0:00:09] Kd5+} 1/2-1/2

[Event "47th Rilton Cup 2017"]
[Site "?"]
[Date "2018.01.01"]
[Round "5"]
[White "Koykka, Pekka"]
[Black "Blomqvist, Erik"]
[Result "0-1"]
[WhiteElo "2367"]
[BlackElo "2499"]
[Annotator "TA"]
[PlyCount "121"]
[EventDate "2018.??.??"]
[EventType "swiss"]
[EventCountry "SWE"]
[SourceTitle "Stockholm"]

{[%evp 22,121,12,0,46,21,20,20,29,25,19,27,25,29,35,39,32,29,41,0,0,-6,-6,-13,-7,-7,0,0,0,-43,-54,-40,-39,-57,-41,-46,-41,-62,-51,-65,-25,-23,-25,-74,-72,-195,-190,-165,-180,-247,-239,-272,-248,-248,-245,-242,-206,-227,-124,-137,-85,-73,-83,-223,-207,-300,-275,-312,-299,-362,-383,-353,-287,-610,-591,-396,-341,-267,-106,-120,-8,-230,-186,-186,-120,-120,-120,-120,-120,-4573,-3351,-3058,-2143,-5583,-2281,-5919,-5936,-5338,-599,-29988,-29989,-29990]} 1. e4 c5 2. Nf3 e6 3. d4 cxd4 4. Nxd4 Nc6 5. Nc3 a6 6. Be3 Nf6 7. Bd3 Qc7 8. O-O b5 9. Nxc6 Qxc6 10. f3 {B48: Sicilian: Taimanov: 5 Nc3 Qc7 6 Be3 a6 without Be2} Bc5 11. Qe1 d6 12. Kh1 {LiveBook: 8 Games. The position is equal.} O-O $146 ({Predecessor:} 12... Bxe3 13. Qxe3 O-O 14. Rfd1 e5 {½-½ (14) Hammer,J (2583)-Andreikin,D (2648) Lubbock 2009}) 13. Bg5 Nd7 $1 14. Qh4 f6 15. e5 $1 f5 $1 16. Be7 Re8 17. Bxd6 Bxd6 18. exd6 Qxd6 19. Rad1 Qe7 20. Qxe7 Rxe7 21. Rfe1 Kf7 22. a4 b4 23. Na2 a5 24. Bb5 Nc5 25. Nc1 Ba6 26. Bxa6 Rxa6 27. b3 Rc7 28. Re2 Rac6 29. Rdd2 Kf6 30. Kg1 e5 31. Rd5 e4 32. Kf2 g6 33. Red2 (33. g3 $17 {was necessary.}) 33... exf3 $19 34. gxf3 Ne6 35. Ne2 (35. Nd3 $142) 35... Rxc2 36. Ke3 Rxd2 37. Kxd2 {[%mdl 4096] Endgame KRN-KRN} Rc5 $1 {[%cal Rc5d5]} 38. Rd7 f4 39. h4 Rh5 (39... h6 $19 40. Rd6 Ke5) 40. Rd6 $17 Rxh4 (40... Re5 $142 41. Nxf4 Ke7) 41. Ra6 Rh2 42. Kd3 (42. Ke1 $17 {is a better defense.} Ke7 43. Ra7+ Kd6 44. Ra6+ Kd7 45. Ra7+ Kd6 46. Ra6+ Ke7 47. Ra7+ Kd6) 42... Ke7 $1 $19 {And now ...Nc5+ would win.} 43. Rxa5 (43. Ra7+ {was worth a try.} Kd6 44. Nd4 Nxd4 45. Kxd4) 43... Rf2 $1 44. Ra7+ {[#]} Kd6 $1 45. Nd4 Nxd4 46. Kxd4 Rxf3 47. Rxh7 $2 (47. Ra6+ Ke7 48. Ke4 Rxb3 49. Kxf4) 47... Rxb3 {KR-KR} 48. Rg7 Rg3 49. a5 {[#] intending a6.} b3 $2 (49... Ke6 $1 $19 {...g5 is the strong threat.} 50. a6 Kf6) 50. Rb7 Kc6 ({Black should play} 50... g5 $17 51. a6 Kc6) 51. Rb4 $2 (51. Rb6+ $11 Kc7 52. Rb4) 51... g5 52. a6 {[#] Threatening mate with a7.} b2 $1 53. Ke4 (53. Rxb2 Ra3) 53... Ra3 {( -> ...Ra4!)} 54. Rxb2 Rxa6 {White must now prevent ...Ra3.} 55. Rb8 $2 {[%mdl 8192]} (55. Kf5 $17) 55... Ra3 56. Rg8 Rg3 57. Rd8 Kc5 (57... f3 $142 58. Kd3 g4) 58. Rd7 f3 {[%cal Bf4f3,Bf3f2][%mdl 32]} 59. Rd8 g4 {Threatens to win with ...f2.} 60. Rd7 f2 61. Ke5 {Precision: White = 34%, Black = 59%.} 0-1

[Event "47th Rilton Cup 2017"]
[Site "?"]
[Date "2018.01.02"]
[Round "6"]
[White "Sasikiran, Krishnan"]
[Black "Eggleston, David"]
[Result "1-0"]
[WhiteElo "2680"]
[BlackElo "2389"]
[Annotator "TA"]
[PlyCount "61"]
[EventDate "2018.??.??"]
[EventType "swiss"]
[EventCountry "SWE"]
[SourceTitle "Stockholm"]

{[%evp 21,61,25,19,17,20,-6,9,-2,0,-14,25,-8,-4,-19,-22,-17,-17,-25,90,96,83,93,85,83,75,80,108,108,136,135,125,133,254,247,523,519,712,514,1129,1097,29998,29999]} 1. c4 Nf6 2. Nf3 e6 3. d4 b6 4. a3 Bb7 5. Nc3 d5 6. cxd5 exd5 7. g3 Be7 8. Bg2 O-O 9. O-O Nbd7 10. Qc2 c5 11. Rd1 {E12: Queen's Indian: Unusual White 4th moves, 4 a3, 4 Nc3 Bb7 5 a3 and 4 Nc3 Bb7} Rc8 {LiveBook: 12 Games} 12. Be3 Ne4 13. Rac1 {The position is equal.} Bf6 $146 ({Predecessor:} 13... Nxc3 14. Qxc3 cxd4 15. Qxd4 Bc5 16. Qd3 Bxe3 17. Qxe3 Re8 18. Qd2 Nf6 {½-½ (34) Miles,A (2575)-Matanovic,A (2495) Surakarta 1982}) 14. Bh3 Nxc3 15. bxc3 Qe7 16. Qf5 Rcd8 17. Ng5 {[%csl Gg5][%cal Rf5h7]} g6 18. Qf4 Rfe8 19. Nf3 Nf8 {[#]} (19... c4 $11) 20. dxc5 $1 $16 bxc5 {[#]} 21. Bxc5 $1 {[%mdl 512]} Qxc5 22. Qxf6 Qxa3 23. Ra1 {[%cal Bc1a1,Ba1a7,Ba7b7][%mdl 32]} Qc5 24. Ng5 Re7 25. Rxa7 Rde8 {[#]} 26. Qd4 $1 {[%cal Rd4c5]} Qc6 (26... Qb5 $16 {might work better.}) 27. Rb1 $40 {[%mdl 128] White goes for the king.} Ra8 $2 (27... h6 28. Rb6 Qc4 29. Nxf7 (29. Rbxb7 Qxd4 30. cxd4 Rxb7 $18) (29. Raxb7 hxg5 30. e3 Rxb7 $18) 29... Rxf7 30. Qxc4 (30. Raxb7 Qxd4 31. cxd4 Rxe2 $18) 30... dxc4) 28. Qb4 $1 {[%csl LRb7,LRe7]} (28. Rbxb7 Rxb7 29. Rxa8 Rb1+ 30. Kg2 Qxa8 $15) ({Less strong is} 28. Rxa8 Bxa8 29. Rb8 Re8 $16) 28... Re5 29. Rxb7 {Strongly threatening Qf4.} Rxg5 (29... Ra4 $142) 30. Qe7 Rh5 31. Qxf7+ {Precision: White = 67%, Black = 35%.} 1-0

[Event "47th Rilton Cup 2017"]
[Site "?"]
[Date "2018.01.02"]
[Round "6"]
[White "Piorun, Kacper"]
[Black "Grandelius, Nils"]
[Result "1/2-1/2"]
[WhiteElo "2651"]
[BlackElo "2647"]
[Annotator "TA"]
[PlyCount "103"]
[EventDate "2018.??.??"]
[EventType "swiss"]
[EventCountry "SWE"]
[SourceTitle "Stockholm"]

{[%evp 15,103,20,26,0,0,14,0,0,0,0,23,6,8,25,23,25,2,7,41,29,33,0,0,0,0,0,0,0,0,-89,-89,-97,-96,-200,-77,-113,-8,-57,-24,-160,-148,-166,-159,-159,-151,-135,0,0,0,0,0,0,0,0,0,0,0,0,0,0,0,0,0,0,0,0,0,0,0,0,0,0,0,0,0,0,0,0,0,0,0,0,0,0,0,0,0,0,0,0]} 1. e4 c5 2. Nf3 d6 3. d4 cxd4 4. Nxd4 Nf6 5. Nc3 a6 6. h4 {B90: Sicilian Najdorf: Unusual White 6th moves, 6 Be3 Ng4 and 6 Be3 e5} e5 7. Nb3 Be6 8. f4 b5 {LiveBook: 3 Games} 9. fxe5 $146 (9. f5 $5 {[%cal Rf5e6]} Bd7 10. Bg5 $11) ({Predecessor:} 9. f5 Bc8 10. Bg5 Nbd7 11. g4 Bb7 12. Qf3 Rc8 13. Bd3 Rxc3 14. bxc3 {0-1 (52) Ali Marandi,C (2515)-Cheparinov,I (2703) Kocaeli 2017}) 9... dxe5 10. Qxd8+ Kxd8 11. Bg5 Nbd7 12. a4 b4 13. Nd5 $1 h6 14. Bxf6+ Nxf6 15. O-O-O Nxd5 16. Bc4 Kc7 17. Bxd5 Re8 $1 18. Rhf1 {next Bxe6 is good for White.} f6 $1 19. Bxe6 Rxe6 20. Rd5 h5 21. Rfd1 Rd6 22. c4 (22. Rc5+ $11 Kb7 23. Na5+ Kb6 24. Rdd5 Rxd5 25. Rxd5) 22... bxc3 $1 $17 23. bxc3 Rxd5 24. exd5 {[%mdl 4096] Endgame [#] KRB-KRN} (24. Rxd5 $17 {was worth a try.} Rh6 25. g3) 24... Be7 (24... Rh6 $1 $19 25. Kc2 Rg6) 25. c4 {[#]} Rc8 (25... Rb8 $1 $17 {[%cal Rb8b3]} 26. Nd2 Rb4) 26. Kb2 Rb8 27. Kc2 (27. Rc1 $11 {keeps the balance.}) 27... Rb4 28. Kc3 {Black must now prevent c5.} Rxa4 29. c5 {And now d6+ would win.} Kd7 30. Rb1 Rxh4 (30... g6 $17 {Threatens to win with ...Bd8.} 31. g3 Bd8) 31. Ra1 $1 $11 {[%cal Ra1a6] [#]The position is equal.} Bxc5 $1 {[%mdl 512]} 32. Nxc5+ {KRN-KR} Kd6 33. Ne6 Rg4 34. Rd1 Rg3+ 35. Rd3 $1 {[%cal Rd3g3]} Rxd3+ 36. Kxd3 Kxd5 37. Nxg7 {KN-KP} h4 {...e4+ is the strong threat.} 38. Nf5 a5 39. Nxh4 {KN-K3P} a4 40. Nf5 e4+ 41. Kc3 Ke5 42. Ne3 Kf4 43. Nd5+ Kg3 44. Nxf6 {KN-KPP} e3 {aiming for ...e2.} 45. Ne4+ Kxg2 46. Nc5 e2 47. Nd3 Kf3 48. Kb4 Ke3 49. Ne1 Kd2 50. Ng2 e1=Q 51. Nxe1 Kxe1 52. Kxa4 {Precision: White = 65%, Black = 71%.} 1/2-1/2

[Event "47th Rilton Cup 2017"]
[Site "?"]
[Date "2018.01.02"]
[Round "6"]
[White "Hammer, Jon Ludvig"]
[Black "Lobanov, Sergei"]
[Result "1-0"]
[WhiteElo "2620"]
[BlackElo "2441"]
[Annotator "TA"]
[PlyCount "97"]
[EventDate "2018.??.??"]
[EventType "swiss"]
[EventCountry "SWE"]
[SourceTitle "Stockholm"]

{[%evp 20,97,43,16,41,32,27,29,40,27,39,31,28,34,37,40,38,38,36,41,81,73,88,60,78,60,63,76,131,127,135,64,129,11,34,33,32,0,35,28,31,22,31,27,101,93,61,53,77,74,77,75,236,253,330,308,245,221,437,429,430,430,448,445,634,595,1171,1014,1097,1068,5616,604,569,552,442,438,1861,1662,1843,1664]} 1. e4 c6 2. d4 d5 3. e5 Bf5 4. Nd2 e6 5. Nb3 Nd7 6. Nf3 h6 {B12: Caro-Kann: Advance Variation} (6... a6 7. Be2 c5 8. c3 h6 9. dxc5 Bxc5 10. Nxc5 Nxc5 11. Be3 Rc8 12. O-O Ne7 13. Nd4 O-O 14. a4 {0-1 (41) Wei,Y (2743)-Navara,D (2740) Yancheng 2017}) 7. Be2 Ne7 8. O-O Qc7 9. Bd2 g5 10. a4 a5 11. c4 {LiveBook: 5 Games} dxc4 12. Bxc4 Nd5 13. Ne1 Nb4 14. Bxb4 Bxb4 15. Bd3 {[#]} Bxe1 $146 16. Rxe1 {Strongly threatening Bxf5.} Bxd3 17. Qxd3 Nb6 {[%cal Bd7b6,Bb6d5,Bd5b4][%mdl 32]} 18. Rec1 Nd5 19. Rc5 b6 20. Rc4 $1 O-O-O 21. Rac1 Nb4 22. Qf3 Kb7 23. Na1 Rd5 ({Black should try} 23... f5) 24. Nc2 $1 $16 {[%cal Rc2b4]} Nxc2 25. R1xc2 ({White should play} 25. R4xc2 $16 Rc8 26. h3 (26. Rxc6 Qxc6 27. Rxc6 Rxc6 $16)) 25... Rc8 ({Better is} 25... Rhd8 $14) 26. h3 (26. Rxc6 $16 Qxc6 27. Rxc6 Rxc6 28. h4) 26... Qd7 27. Qe4 Qe7 28. Qh7 Qf8 29. R2c3 Rc7 30. Rf3 f5 31. Qg6 $36 {[%mdl 2048] White has some pressure.} Re7 (31... Qe7 $1 $11 {keeps the balance.}) 32. g4 $1 {[%cal Rg4f5]} f4 33. Rfc3 Qg7 $1 {[%cal Rg7g6]} 34. Qxg7 Rxg7 35. Rxc6 Rxd4 $2 (35... Re7 $16) 36. Rxe6 $18 Rc7 {[#]} 37. Rxc7+ $1 ({And not} 37. Rxh6 Rxc3 38. bxc3 Rxa4 $11) 37... Kxc7 {[%mdl 4096] Endgame KR-KR} 38. b3 Rd3 $2 (38... b5 39. axb5 Rb4) 39. Rxh6 {White is clearly winning.} Rxb3 40. h4 gxh4 41. g5 {[%cal Bg4g5,Bg5g6][%mdl 32]} f3 (41... Rd3 $142 42. Rxh4 Rd5 43. Rxf4 Rxe5) 42. Rxh4 Rb4 43. Rh3 Kd7 44. g6 Ke8 45. Rg3 (45. e6 $142 Rxa4 46. g7 Rg4+ 47. Rg3 Rxg7 48. Rxg7) 45... Kf8 46. Rxf3+ Kg7 47. Rf6 Rxa4 {[#]} (47... b5 $142 48. axb5 a4) 48. f4 $1 {[%cal Rf4f5]} Re4 49. Kf2 {Precision: White = 65%, Black = 36%.} 1-0